00576cam a22001337a 4500008004000000082002800040100002500068245012500093260005100218300001100269440006200280650007700342650002300419180718b1996 xxu||||| |||| 00| 0 eng d aA81x54 91/23/PT12 A&B/K aCensus of India 1991 aTamil Nadu district census handbook, Kamarajar: village and town directory, village and townwise primary census abstract aMadrasbDirectorate of Census Operationsc1996 a549+p. aCensus of India 1991. Series-23, Tamil Nadu. Part XII-A&B aCities and towns - Directories - Census - India - Tamil Nadu - Kamarajar aKamarajar - Census